The Adventures of Jimmy Neutron: Boy Genius Quiz - Statistics

General Stats
  • This quiz has been taken 392 times
  • The average score is 8 of 21
Answer Stats
Hint Answer % Correct
Main character Jimmy Neutron
99%
Main character's asthmatic best friend Carl Wheezer
93%
Main character's friend with Ultra Lord obsession Sheen Estevez
90%
Main character's intellectual female rival / love interest Cindy Vortex
80%
Robotic dog Goddard
57%
Cool skateboarder at school Nick Dean
55%
Main character's father Hugh Neutron
50%
Other Nickelodeon character who appears in "Power Hours" Timmy Turner
43%
Elementary school's fifth grade teacher Ms. Fowl
41%
Main character's mother Judy Neutron
38%
Bully of Lindbergh Elementary School Butch Pakovski
25%
Main character's first crush Betty Quinlan
23%
Daughter of ^ Beautiful Gorgeous
18%
Secret agent who helps main character Jet Fusion
18%
Best friend of ^ Libby Folfax
16%
Evil professor who can't finish anything Professor Finbar Calamitous
16%
Main character's evil baby brother Baby Eddie
10%
Rich rival of main character with a British accent Eustace Strych
9%
Elementary school's principal Principal Willoughby
9%
Dancing classmate Brittany Tenelli
6%
Alien king who wants to feed his god, Poultra King Goobot
6%
No matching quizzes found
Score Distribution
Percent of People with Each Score
Percentile by Number Answered
Your Score History
You have not taken this quiz